Govt. of
Madhya Pradesh

संस्‍कृत हिन्‍दी शब्‍दकोश (Record no. 59980)

MARC details
000 -LEADER
fixed length control field 00500nam a22001577a 4500
003 - CONTROL NUMBER IDENTIFIER
control field macl
005 - DATE AND TIME OF LATEST TRANSACTION
control field 20190601121844.0
008 - FIXED-LENGTH DATA ELEMENTS--GENERAL INFORMATION
fixed length control field 190601b xxu||||| |||| 00| 0 eng d
040 ## - CATALOGING SOURCE
Transcribing agency macl
082 ## - DEWEY DECIMAL CLASSIFICATION NUMBER
Classification number 403
100 ## - MAIN ENTRY--PERSONAL NAME
Personal name आप्‍टे वामन शिवराम
9 (RLIN) 34717
245 ## - TITLE STATEMENT
Title संस्‍कृत हिन्‍दी शब्‍दकोश
260 ## - PUBLICATION, DISTRIBUTION, ETC. (IMPRINT)
Place of publication, distribution, etc. दिल्‍ली
Name of publisher, distributor, etc. अनिल प्रकाशन
Date of publication, distribution, etc. 2018
650 ## - SUBJECT ADDED ENTRY--TOPICAL TERM
Topical term or geographic name as entry element कोश
9 (RLIN) 75146
942 ## - ADDED ENTRY ELEMENTS (KOHA)
Source of classification or shelving scheme
Koha item type Hindi Books
Holdings
Withdrawn status Lost status Source of classification or shelving scheme Damaged status Not for loan Home library Current library Date acquired Cost, normal purchase price Total Checkouts Total Renewals Full call number Barcode Date last seen Date last checked out Price effective from Koha item type
          MACL MACL 01/06/2019 600.00 2 2 403 CRH035956 04/04/2026 14/03/2026 01/06/2019 Hindi Books
          MACL MACL 01/06/2019 600.00     403 CRH007487 30/09/2021   01/06/2019 Hindi Books